Trh práce v generačnom kontexte

Aproximácia pojmu generácia a jej segmentácia na temporálnom základe. Generácie a ich časové horizonty podľa futuristu a demografa McCrindle-a. Fundamentálna charakteristika generácií na zahraničnom trhu práce. Charakteristika generácií a ich prejavy na trhu práce a na pracovisku na území Slovenska...

Descripción completa

Guardado en:
Detalles Bibliográficos
Autor principal: Čvirik, Marián, 1992-
Formato: Capítulo de libro
Lenguaje:eslovaco
Materias:
Etiquetas: Agregar Etiqueta
Sin Etiquetas, Sea el primero en etiquetar este registro!

MARC

LEADER 00000nla a2200000 4500
001 0246626
005 20240502073946.5
041 0 |a slo 
044 |a SK 
245 1 0 |a Trh práce v generačnom kontexte  |c Marián Čvirik 
520 |a Aproximácia pojmu generácia a jej segmentácia na temporálnom základe. Generácie a ich časové horizonty podľa futuristu a demografa McCrindle-a. Fundamentálna charakteristika generácií na zahraničnom trhu práce. Charakteristika generácií a ich prejavy na trhu práce a na pracovisku na území Slovenska - výsledky dotazníkového prieskumu. 
610 2 0 |a trh práce 
610 2 0 |a nezamestnanosť 
610 2 0 |a zamestnanosť 
610 2 0 |a pracovisko 
610 2 0 |a pracovníci 
610 2 0 |a generácie 
610 2 0 |a demografia 
610 2 0 |a Slovensko 
610 2 0 |a kapitál ľudský 
610 2 0 |a sily pracovné 
100 1 |a Čvirik, Marián, 1992-